Understanding historic building conservation (Record no. 103760)
[ view plain ]
| 000 -LEADER | |
|---|---|
| fixed length control field | 01046cam a22002295a 4500 |
| 001 - CONTROL NUMBER | |
| control field | L127366 |
| 008 - FIXED-LENGTH DATA ELEMENTS--GENERAL INFORMATION | |
| fixed length control field | 040914s2007 xxka e 000 0 eng u |
| 020 ## - INTERNATIONAL STANDARD BOOK NUMBER | |
| International Standard Book Number | 1405111720 |
| 035 ## - SYSTEM CONTROL NUMBER | |
| System control number | (Sirsi) u127366 |
| 041 0# - LANGUAGE CODE | |
| Language code of text/sound track or separate title | eng |
| 050 04 - LIBRARY OF CONGRESS CALL NUMBER | |
| Classification number | 690.241 $2 22 |
| 245 00 - TITLE STATEMENT | |
| Title | Understanding historic building conservation |
| 260 ## - PUBLICATION, DISTRIBUTION, ETC. | |
| Place of publication, distribution, etc. | Oxford |
| Name of publisher, distributor, etc. | Blackwell Publishing |
| Date of publication, distribution, etc. | 2007 |
| 300 ## - PHYSICAL DESCRIPTION | |
| Extent | xii, 217p. |
| Other physical details | col. ill. |
| Dimensions | 26cm. |
| 350 ## - PRICE (NR) (BK AM CF MU VM SE) [OBSOLETE] | |
| Price | 42.50 |
| 520 ## - SUMMARY, ETC. | |
| Summary, etc. | Considers the philosophy of conservation and empasises the importance of being aware of a building's history before coming to any decisions about it. Sets out the legislative framework within which conservation is carried out and discusses the various roles of members of the conservation team. Offers advice on writing conservation plans and looks at costing and contracts for conservation work. |
| 521 ## - TARGET AUDIENCE NOTE | |
| Target audience note | Advanced |
| 651 #4 - SUBJECT ADDED ENTRY--GEOGRAPHIC NAME | |
| Geographic name | England and Wales |
| Chronological subdivision | 1543- |
| 690 ## - LOCAL SUBJECT ADDED ENTRY--TOPICAL TERM (OCLC, RLIN) | |
| Topical term or geographic name as entry element | BUILT ENVIRONMENT-BUILDING TYPES-ANCIENT MONUMENTS AND HISTORIC BUILDINGS |
| 700 1# - ADDED ENTRY--PERSONAL NAME | |
| Personal name | Forsyth, Michael |
| Relator term | Editor |
| 942 ## - ADDED ENTRY ELEMENTS (KOHA) | |
| Suppress in OPAC | 0 |
| Withdrawn status | Lost status | Source of classification or shelving scheme | Damaged status | Not for loan | Home library | Current library | Shelving location | Date acquired | Cost, normal purchase price | Total Checkouts | Full call number | Barcode | Date last seen | Date last checked out | Copy number | Cost, replacement price | Price effective from | Koha item type |
|---|---|---|---|---|---|---|---|---|---|---|---|---|---|---|---|---|---|---|
| Dewey Decimal Classification | London | London | Books | 04/04/2008 | 45.00 | 6 | 690.241 UND | 30072690 | 06/08/2019 | 15/12/2009 | 1 | 45.00 | 06/08/2019 | Book |